Sports Quiz

Random Sports or NFL Quiz
Score 0/146 Timer 10:00
3 Plays Today
Statistic Player % Correct
Passing YardsPeyton Manning
98.8%
Passing TDsPeyton Manning
98.8%
Passing YardsDrew Brees
97.5%
Passing TDsDrew Brees
97.5%
Passing YardsTom Brady
97.2%
Passing YardsMatthew Stafford
95.1%
Passing TDsMatthew Stafford
95.1%
Passing YardsMatt Ryan
95%
Passing TDsMatt Ryan
95%
Passing YardsPhilip Rivers
95%
Passing TDsPhilip Rivers
95%
InterceptionsLogan Ryan
94.5%
Passing YardsAndy Dalton
92.8%
Passing TDsAndy Dalton
92.8%
Passing TDsRussell Wilson
92.4%
Fumbles RecoveredEric Weddle
92.3%
Rushing YardsAdrian Peterson
92%
Rushing TDsAdrian Peterson
92%
Receiving YardsCalvin Johnson
91.6%
Receiving TDsCalvin Johnson
91.6%
Fumbles RecoveredJosh Wilson
91.4%
Receiving YardsAndre Johnson
91.1%
Rushing YardsMarshawn Lynch
91%
Rushing TDsMarshawn Lynch
91%
Passing TDsTony Romo
89.9%
Rushing YardsLeSean McCoy
89.3%
Rushing TDsLeSean McCoy
89.3%
Passing YardsBen Roethlisberger
89.2%
Passing TDsBen Roethlisberger
89.2%
Passing YardsCarson Palmer
88.9%
Rushing YardsFrank Gore
86.4%
Rushing TDsFrank Gore
86.4%
Rushing YardsJamaal Charles
86.3%
Rushing TDsJamaal Charles
86.3%
Receiving YardsDemaryius Thomas
86.2%
Receiving TDsDemaryius Thomas
86.2%
Receiving TDsJulius Thomas
86.1%
InterceptionsEarl Thomas
86%
Rushing YardsMatt Forté
85.8%
Rushing TDsMatt Forté
85.8%
Receiving YardsA.J. Green
85.3%
Receiving TDsA.J. Green
85.3%
Passing YardsRyan Tannehill
85.1%
Receiving TDsLarry Fitzgerald
83.6%
Receiving YardsDeSean Jackson
83.4%
Rushing TDsFred Jackson
83.3%
Total TacklesD'Qwell Jackson
83%
Passing TDsNick Foles
82.7%
Receiving YardsAntonio Brown
80.9%
Statistic Player % Correct
Punt Returning YardsAntonio Brown
80.9%
Punt Returning TDsAntonio Brown
80.9%
Rushing YardsEddie Lacy
79.7%
Rushing TDsEddie Lacy
79.7%
Rushing YardsDeMarco Murray
78.7%
Rushing TDsDeMarco Murray
78.7%
Receiving TDsBrandon Marshall
78.5%
Receiving TDsDez Bryant
77.1%
Receiving YardsJosh Gordon
76.9%
Receiving TDsJimmy Graham
76.8%
Receiving YardsJordy Nelson
74.9%
Rushing YardsAlfred Morris
73.2%
Receiving TDsVernon Davis
71.4%
Kick Returning TDsKnile Davis
71.3%
Kick Returning YardsDevin Hester
68.7%
Punt Returning TDsDevin Hester
68.7%
Receiving YardsPierre Garçon
65%
Receiving YardsAlshon Jeffery
64.1%
Receiving TDsEric Decker
63.7%
Rushing TDsKnowshon Moreno
63.4%
Rushing YardsRyan Mathews
62.9%
InterceptionsRichard Sherman
62.2%
Kick Returning YardsJacoby Jones
61.4%
Kick Returning TDsJacoby Jones
61.4%
SacksChandler Jones
61.3%
Kick Returning YardsCordarelle Patterson
54.3%
Kick Returning TDsCordarelle Patterson
54.3%
SacksRobert Mathis
48.4%
Forced FumblesRobert Mathis
48.4%
SacksMario Williams
45.7%
Fumbles RecoveredJacquian Williams
45.5%
Total TacklesLuke Kuechly
39.3%
Total TacklesNaVorro Bowman
37.4%
Forced FumblesNaVorro Bowman
37.4%
SacksJared Allen
36.9%
Punt Returning YardsDexter McCluster
35.4%
Punt Returning TDsDexter McCluster
35.4%
SacksRobert Quinn
32.3%
Forced FumblesRobert Quinn
32.3%
Total TacklesVontaze Burfict
31.3%
Kick Returning YardsTrindon Holliday
26.2%
Kick Returning TDsTrindon Holliday
26.2%
Punt Returning TDsTrindon Holliday
26.2%
Punt Returning YardsGolden Tate
23.8%
Kick Returning YardsBrandon Tate
23.8%
Punt Returning YardsBrandon Tate
23.8%
SacksCameron Jordan
22.6%
SacksGreg Hardy
21.4%
Punt Returning YardsJulian Edelman
21%
Statistic Player % Correct
Total TacklesKiko Alonso
20.2%
Kick Returning YardsDwayne Harris
19.3%
Punt Returning TDsDwayne Harris
19.3%
Total TacklesLavonte David
19.1%
InterceptionsLavonte David
19.1%
Punt Returning TDsTravis Benjamin
18.1%
InterceptionsAntrel Rolle
16.9%
Total TacklesChad Greenway
14.9%
Total TacklesPaul Posluszny
14.8%
Punt Returning YardsTed Ginn Jr.
13.4%
InterceptionsDeAndre Levy
11.1%
Forced FumblesTroy Polamalu
9.7%
Forced FumblesTamba Hali
9.7%
Kick Returning YardsKeshawn Martin
9.1%
Punt Returning YardsKeshawn Martin
9.1%
Punt Returning TDsKeshawn Martin
9.1%
Total TacklesStephen Tulloch
8.4%
InterceptionsBrandon Boykin
8.3%
SacksJohn Abraham
7.9%
Forced FumblesJohn Abraham
7.9%
Punt Returning YardsMicah Hyde
7.8%
InterceptionsAlterraun Verner
7.7%
Kick Returning TDsJeremy Ross
7.3%
Punt Returning TDsJeremy Ross
7.3%
Fumbles RecoveredCullen Jenkins
7.2%
Fumbles RecoveredCharles Woodson
6.1%
SacksJunior Galette
6.1%
Forced FumblesCliff Avril
5.8%
SacksOlivier Vernon
5.5%
Punt Returning YardsMarcus Sherels
5.5%
Punt Returning TDsMarcus Sherels
5.5%
Forced FumblesJerrell Freeman
5.1%
Kick Returning YardsQuintin Demps
4.6%
Kick Returning TDsQuintin Demps
4.6%
Fumbles RecoveredMychal Kendricks
4.5%
InterceptionsTramaine Brock
4.4%
InterceptionsTashaun Gipson
4.4%
Total TacklesBarry Church
4.2%
Kick Returning YardsMarcus Thigpen
3.6%
Forced FumblesAlec Ogletree
3.3%
Punt Returning YardsTandon Doss
3.1%
Punt Returning TDsTandon Doss
3.1%
Kick Returning YardsJordan Todman
3%
Fumbles RecoveredMorgan Burnett
2.1%
Fumbles RecoveredBrett Keisel
1.9%
Forced FumblesNick Roach
1.2%
Fumbles RecoveredSen'Derrick Marks
1.2%
Fumbles RecoveredMatt Shaughnessy
1%
Remove Ads.
Support Sporcle.
Get the best of Sporcle when you Go Orange. This ad-free experience offers more features, more stats, and more fun while also helping to support Sporcle. Thank you for becoming a member.

You're not logged in!

Compare scores with friends on all Sporcle quizzes.
OR
Log In

Show Comments

Extras

Top Quizzes Today


Score Distribution

Your Account Isn't Verified!

In order to create a playlist on Sporcle, you need to verify the email address you used during registration. Go to your Sporcle Settings to finish the process.

Report this User

Report this user for behavior that violates our Community Guidelines.

Details: